| 000 | 00787nas a2200241 4500 | ||
|---|---|---|---|
| 001 | BR9901388 | ||
| 003 | BR-BrBNA | ||
| 005 | 20231205101315.0 | ||
| 007 | ta | ||
| 008 | 230509b bl.|||p| |||| 00| 00por d | ||
| 040 |
_aBR-BrBNA _bpor _cBiblioteca Nacional de Agricultura |
||
| 041 | _a(Pt) | ||
| 072 | _aH10 | ||
| 100 | 1 | _aAzevedo, F.R. de | |
| 100 | 1 | _aRamalho, F. de S. | |
| 245 | 1 | _aEfeitos da temperatura e da defesa da presa no consumo pelo predador Supputius cincticeps (STAL)(Heteroptera:Pentatomidae) | |
| 650 | _aPredador | ||
| 650 | _aPercevejo | ||
| 650 | _aControle Biologico | ||
| 773 | 0 |
_tPesquisa Agropecuaria Brasileira (Brazil) _xISSN 0100-204X _g(Feb 1999), v. 34(2) p. 165-171 _wBR9901388 |
|
| 909 |
_a202311 _bLúcia _c55 _dLúcia Elande |
||
| 942 |
_2AGRIS _n0 _cANA |
||
| 999 |
_c161032 _d161032 |
||